000 00570nam a2200229Ia 4500
003 OSt
005 20221005124225.0
006 a|||||r|||| 00| 0
007 ta
008 221004b |||||||| |||| 00| 0 eng d
024 _a31913
037 _cTextual
040 _aCRL
_cCRL
_beng
041 _2eng
_aeng
082 _a846:N49, J3 RR
110 _aMiddle.First word.
_9634870
245 0 _aMiddle East,1953.
260 _c1953
700 _aMiddle.First word.
_9634871
942 _h846:N49, J3 RR
_cTEXL
_2cc
999 _c1049789
_d1049789